Stuart Hall (Record no. 2153)

MARC details
000 -LEADER
fixed length control field 00524 a2200181 4500
001 - CONTROL NUMBER
control field 068491
003 - CONTROL NUMBER IDENTIFIER
control field OSt
005 - DATE AND TIME OF LATEST TRANSACTION
control field 20220218123300.0
008 - FIXED-LENGTH DATA ELEMENTS--GENERAL INFORMATION
fixed length control field
082 ## - DEWEY DECIMAL CLASSIFICATION NUMBER
Classification number 306
Item number H14C
245 1# - TITLE STATEMENT
Title Stuart Hall
Statement of responsibility, etc edited by David Morley and Chen Hsing Kuan
260 ## - PUBLICATION, DISTRIBUTION, ETC. (IMPRINT)
Place of publication, distribution, etc London
Name of publisher, distributor, etc Routledge
Date of publication, distribution, etc 2005
300 ## - PHYSICAL DESCRIPTION
Extent 522p.
653 ## - INDEX TERM--UNCONTROLLED
Uncontrolled term Postmodernism--Social aspects; Hall, Stuart, 1932-2014; Communism; Culture
700 ## - ADDED ENTRY--PERSONAL NAME
Personal name Morley, David
Relator term Editor
700 ## - ADDED ENTRY--PERSONAL NAME
Personal name Kuan, Chen Hsing
Relator term Editor
942 ## - ADDED ENTRY ELEMENTS (KOHA)
Source of classification or shelving scheme Dewey Decimal Classification
Koha item type Books
Holdings
Withdrawn status Lost status Source of classification or shelving scheme Damaged status Not for loan Collection code Home library Current library Date acquired Source of acquisition Cost, normal purchase price Total Checkouts Full call number Barcode Date last seen Price effective from Koha item type
    Dewey Decimal Classification     General Text Book Central University Of Rajasthan Central University Of Rajasthan 07/03/2012 ENG 1450.00   306 H14C 2778 21/11/2024 02/09/2020 Books